| 000 | 01106nam a2200253Ia 4500 | ||
|---|---|---|---|
| 003 | CO-CtgCURN | ||
| 005 | 20250408212631.0 | ||
| 008 | 190723s2009 xx f 000 0 spa d | ||
| 020 | _a9789587071665 | ||
| 040 |
_aCO-CtgCURN _bspa _ccoctgcurn |
||
| 082 |
_a346.013 _bR763d |
||
| 100 |
_aRomero Silva, María _92036 |
||
| 245 | 0 |
_aDerecho de género : _bLey 1257 de 2008 (discriminación contra la mujer) : legislación, jurisprudencia, doctrina e instrumentos internacionales / _cMaría Romero Silva |
|
| 260 |
_aBogotá, Colombia : _bLibrería, _c2009 |
||
| 300 |
_a169 páginas ; _c23 centímetros |
||
| 504 | _aIncluye referencias bibliográficas (p. 167-169) | ||
| 505 | _aBreves antecedentes -- Generalidades -- Rango constitucional -- Rango legal -- Instrumentos internacionales. | ||
| 521 | _aAREA PROFESIONAL | ||
| 590 | _aPrograma de Derecho_18 | ||
| 650 |
_aDerechos de la mujer _zColombia _92037 |
||
| 942 |
_cBK _h346.013 _iR763d _2ddc _n0 |
||
| 999 |
_c29069 _d29069 |
||